000
00208nam a2200085Ia 4500
008
120527s9999 xx 000 0 und d
100
_a
Berger & Brodile
245
_a
American Handbook of psychiatry
942
_c
BK
999
_c
27753
_d
27753